00488nam a22001692 4500001001100000005001700011008004100028020001400069040001500083050002000098100003300118245005800151250001300209260004200222300002600264650002800290000000174920151217155201.0070326s xx 000 0 eng d cKES 2,130 aKABUcKABU 0aHD31b.M66 19931 aMookerjee, S. S.@000015075010aTheory and practice of management /cS. S. Mookerjee. arev. ed. aDelhi :bSurjeet Publications,c1993. axii, 440 p. ;c22 cm. 0aManagement.@0000083920